Squatters' rights (Record no. 118088)

MARC details
000 -LEADER
fixed length control field 01358cam a2200301 4500
001 - CONTROL NUMBER
control field ABS68274
008 - FIXED-LENGTH DATA ELEMENTS--GENERAL INFORMATION
fixed length control field 040929n2004 000 0 eng u
035 ## - SYSTEM CONTROL NUMBER
System control number (Sirsi) u127564
100 ## - MAIN ENTRY--PERSONAL NAME
Personal name Fetherstonhaugh, G.
245 ## - TITLE STATEMENT
Title Squatters' rights
260 ## - PUBLICATION, DISTRIBUTION, ETC.
Date of publication, distribution, etc. 2004
490 ## - SERIES STATEMENT
Series statement Estates Gazette
Volume/sequential designation (0437) 11 September 2004, 138-139(2)
520 ## - SUMMARY, ETC.
Summary, etc. Reviews the current legal position in relation to squatters' rights. Refers to case law to illustrate how title can be acquired under the 12 years adverse possession route pursuant to the Limitation Act 1980 s15 and Sched 1 paras 1 and 8. Argues that "Perry v New Islington and Hackney Housing Association" (Unreported), which held that no right of action could arise because the continuation tenancy was not terminable by notice to quit, offers hope for landlords faced with adverse possession claims.
590 ## - LOCAL NOTE (RLIN)
Local note ABS
590 ## - LOCAL NOTE (RLIN)
Local note ABS
650 ## - SUBJECT ADDED ENTRY--TOPICAL TERM
Topical term or geographic name entry element ADVERSE POSSESSION
650 ## - SUBJECT ADDED ENTRY--TOPICAL TERM
Topical term or geographic name entry element SQUATTERS RIGHTS
650 ## - SUBJECT ADDED ENTRY--TOPICAL TERM
Topical term or geographic name entry element RENT ACTS
650 ## - SUBJECT ADDED ENTRY--TOPICAL TERM
Topical term or geographic name entry element LANDLORD AND TENANT ACT 1954
650 ## - SUBJECT ADDED ENTRY--TOPICAL TERM
Topical term or geographic name entry element LAMBETH LBC V BLACKBURN
650 ## - SUBJECT ADDED ENTRY--TOPICAL TERM
Topical term or geographic name entry element JA PYE (OXFORD) LTD V GRAHAM
650 ## - SUBJECT ADDED ENTRY--TOPICAL TERM
Topical term or geographic name entry element MOSES V LOVEGROVE
650 ## - SUBJECT ADDED ENTRY--TOPICAL TERM
Topical term or geographic name entry element LONG V TOWER HAMLETS LBC
650 ## - SUBJECT ADDED ENTRY--TOPICAL TERM
Topical term or geographic name entry element ONYX (UK) LTD V BEARD AND OTHERS
650 ## - SUBJECT ADDED ENTRY--TOPICAL TERM
Topical term or geographic name entry element PERRY V NEW ISLINGTON AND HACKNEY HOUSING ASSOCIATION
690 ## - LOCAL SUBJECT ADDED ENTRY--TOPICAL TERM (OCLC, RLIN)
Topical term or geographic name as entry element PROPERTY AND LAND LAW
942 ## - ADDED ENTRY ELEMENTS (KOHA)
Suppress in OPAC 0
Holdings
Withdrawn status Lost status Source of classification or shelving scheme Damaged status Not for loan Home library Current library Shelving location Date acquired Total Checkouts Full call number Barcode Date last seen Copy number Price effective from Koha item type
    Dewey Decimal Classification     London London Journal article 29/09/2004   ABS68274 127564-1001 06/08/2019 1 06/08/2019 Journal article